| 000 | 00834nam a22002537a 4500 | ||
|---|---|---|---|
| 003 | |||
| 005 | 20241018134044.0 | ||
| 008 | 210915b 2024 dr | 00| 0 spa d | ||
| 020 | _a9789945801972 | ||
| 040 |
_aBPMSU _bSpa. _cBPMSU |
||
| 082 | 4 |
_aRD863.5 _bF475c 2024 _222 |
|
| 100 | 1 |
_a Figueroa, Dania Victoria _d |
|
| 245 | 1 | 3 |
_aEl caza estrellas : _bcuando el cielo y la imaginación se encuentran / _cDania Victoria Figueroa |
| 246 | 1 | 3 | _aEl caza estrellas |
| 260 |
_aSanto Domingo : _b[Sin Editorial], _c2024 |
||
| 300 |
_a24 p. ; _c21 cm. |
||
| 500 | _aIncluye datos biográficos del autora en la contracubierta | ||
| 500 | _a | ||
| 590 |
_aInventariado, 2024/VM _6 |
||
| 650 | 4 | _aCuentos juveniles dominicanos | |
| 650 | 4 | _aLiteratura juvenil dominicana | |
| 910 | _aVMateo V. Control de calidad BPMSU | ||
| 942 |
_2ddc _cBK |
||
| 999 |
_c14835 _d14835 |
||